<?xml version="1.0" encoding="UTF-8"?>
<record
    xmlns:xsi="http://www.w3.org/2001/XMLSchema-instance"
    xsi:schemaLocation="http://www.loc.gov/MARC21/slim http://www.loc.gov/standards/marcxml/schema/MARC21slim.xsd"
    xmlns="http://www.loc.gov/MARC21/slim">

  <leader>01809nam a2200301 i 4500</leader>
  <controlfield tag="003">DO-SdBNP</controlfield>
  <controlfield tag="005">20240806112953.0</controlfield>
  <controlfield tag="006">a||||gr|||| 00| 0 </controlfield>
  <controlfield tag="007">ta</controlfield>
  <controlfield tag="008">240806e1982    dr ah||| |||| 00| e spa d</controlfield>
  <datafield tag="020" ind1=" " ind2=" ">
    <subfield code="a">8460025039  </subfield>
  </datafield>
  <datafield tag="040" ind1=" " ind2=" ">
    <subfield code="a">DO-SdBNP</subfield>
    <subfield code="b">spa</subfield>
    <subfield code="c">BNPHU</subfield>
    <subfield code="e">rda</subfield>
  </datafield>
  <datafield tag="082" ind1=" " ind2="4">
    <subfield code="2">22</subfield>
    <subfield code="b">R175c</subfield>
  </datafield>
  <datafield tag="100" ind1="1" ind2=" ">
    <subfield code="a">Ramos P&#xE9;rez, Demetrio</subfield>
    <subfield code="9">4779</subfield>
    <subfield code="e">autor</subfield>
  </datafield>
  <datafield tag="245" ind1="1" ind2="0">
    <subfield code="a">El conflicto de las lanzas jinetas:</subfield>
    <subfield code="b">el primer alzamiento en tierra americana, durante el segundo viaje colombino /</subfield>
    <subfield code="c">Demetrio Ramos P&#xE9;rez; introducci&#xF3;n, Manuel Ant. Garc&#xED;a Ar&#xE9;valo.</subfield>
  </datafield>
  <datafield tag="264" ind1="1" ind2=" ">
    <subfield code="a">Santo Domingo :</subfield>
    <subfield code="b">Fundaci&#xF3;n Garc&#xED;a - Ar&#xE9;valo, Inc,</subfield>
    <subfield code="c">1982</subfield>
  </datafield>
  <datafield tag="300" ind1=" " ind2=" ">
    <subfield code="a">190 p&#xE1;ginas :</subfield>
    <subfield code="b">ilustraciones, facs&#xED;mil ;</subfield>
    <subfield code="c">22 cm.</subfield>
  </datafield>
  <datafield tag="336" ind1=" " ind2=" ">
    <subfield code="2">rdacontent</subfield>
    <subfield code="a">texto</subfield>
    <subfield code="b">txt</subfield>
  </datafield>
  <datafield tag="337" ind1=" " ind2=" ">
    <subfield code="2">rdamedia</subfield>
    <subfield code="a">sin mediaci&#xF3;n</subfield>
    <subfield code="b">n</subfield>
  </datafield>
  <datafield tag="338" ind1=" " ind2=" ">
    <subfield code="2">rdacarrier</subfield>
    <subfield code="a">volumen</subfield>
    <subfield code="b">nc</subfield>
  </datafield>
  <datafield tag="490" ind1=" " ind2=" ">
    <subfield code="a">Investigaciones ;</subfield>
    <subfield code="v">12</subfield>
  </datafield>
  <datafield tag="505" ind1=" " ind2=" ">
    <subfield code="a">Introducci&#xF3;n, por manuel A. Garc&#xED;a Ar&#xE9;valo.</subfield>
    <subfield code="t">Cap. I: Los condicionamientos del segundo viaje colombino.-- Cap. II: La Veinte Lanzas Jinetas de la Hermandad.-- Cap. III: Los hombres de las lanzas y sus capitanes de procedencia.-- Cap. IV: La primera fase del conflicto de los caballeros, tras la fundaci&#xF3;n de la Isabela.-- Cap. V: Los caballeros en el Cibao: La segunda fase del conflicto.-- VI: El enfrentamiento de la Isabela: La crisis provocada por Bartolom&#xE9; Col&#xF3;n.-- </subfield>
    <subfield code="t">Cap. VII: La culminaci&#xF3;n del enfrentamiento: Una lecci&#xF3;n de prudencia.-- Cap. VIII: La Primera querella inidana ante la Corte:  La tramitaci&#xF3;n del caso.-- Ap&#xE9;ndice documental.--  &#xCD;ndice General.</subfield>
  </datafield>
  <datafield tag="590" ind1=" " ind2=" ">
    <subfield code="a">Inventariado 2024 / MF</subfield>
  </datafield>
  <datafield tag="650" ind1=" " ind2="4">
    <subfield code="a">Colonizaci&#xF3;n</subfield>
    <subfield code="x">Historia</subfield>
    <subfield code="9">41261</subfield>
    <subfield code="z">Am&#xE9;rica</subfield>
  </datafield>
  <datafield tag="650" ind1=" " ind2="4">
    <subfield code="a">Descubrimiento y Conquista </subfield>
    <subfield code="9">60145</subfield>
    <subfield code="z">Am&#xE9;rica</subfield>
  </datafield>
  <datafield tag="700" ind1="1" ind2=" ">
    <subfield code="a"> Garc&#xED;a Ar&#xE9;valo, Manuel Antonio</subfield>
    <subfield code="d">1948-</subfield>
    <subfield code="9">59457</subfield>
    <subfield code="e">pr&#xF3;logo</subfield>
  </datafield>
  <datafield tag="942" ind1=" " ind2=" ">
    <subfield code="2">ddc</subfield>
    <subfield code="c">LBS1</subfield>
  </datafield>
  <datafield tag="952" ind1=" " ind2=" ">
    <subfield code="0">0</subfield>
    <subfield code="1">0</subfield>
    <subfield code="2">ddc</subfield>
    <subfield code="5">1</subfield>
    <subfield code="7">0</subfield>
    <subfield code="8">PD</subfield>
    <subfield code="a">BNPHU</subfield>
    <subfield code="b">BNPHU</subfield>
    <subfield code="c">HD</subfield>
    <subfield code="d">2023-08-06</subfield>
    <subfield code="e">Donado por la Presidencia de la Rep&#xFA;blica</subfield>
    <subfield code="l">0</subfield>
    <subfield code="o">R175c</subfield>
    <subfield code="p">2024-4695</subfield>
    <subfield code="r">2024-08-06</subfield>
    <subfield code="w">2024-08-06</subfield>
    <subfield code="y">LBS1</subfield>
  </datafield>
  <datafield tag="999" ind1=" " ind2=" ">
    <subfield code="c">57382</subfield>
    <subfield code="d">57382</subfield>
  </datafield>
</record>
